| 000 | 00316nam a22001337a 4500 | ||
|---|---|---|---|
| 999 |
_c33951 _d33951 |
||
| 003 | Nust | ||
| 005 | 20170223113240.0 | ||
| 008 | 170223b xxu||||| |||| 00| 0 eng d | ||
| 020 | _a978-93-392-0493-8 | ||
| 040 | _cc | ||
| 082 | _a629.135 | ||
| 100 | _aKroes, Michael J. | ||
| 245 | _aAircraft Basic Science / | ||
| 260 |
_aNew Delhi : _bMcGraw Hill, _c2014. |
||
| 300 |
_a468 p. ; _b28 cm. |
||
| 500 | _aPaperback. | ||
| 942 |
_cBK _2ddc |
||